000 00639cam a2200217 a 4500
001 13017130
005 20180222032156.0
008 021202s2004 njua 001 0 eng
010 _a 2002037080
020 _a0130082139
040 _aDLC
_cDLC
_dDLC
041 _aeng
080 _a657 HAR
082 0 0 _a657 HAR
_221
100 1 _a62
101 _aKF
245 1 0 _aFinancial accounting /
_cWalter T. Harrison, Jr., Charles T. Horngren.
906 _a7
_bcbc
_corignew
_d1
_eocip
_f20
_gy-gencatlg
942 _2ddc
_cBK
999 _c43091
_d43091